Responses for Show #4403 - Wednesday, October 29, 2003

Game data retrieved from an alternate archive.

Contestants

[<< previous game]

Saul Rollason, a business owner from Hilo, Hawaii

Judy Olson, a college teacher from Los Angeles, California

John Lindquist, an attorney from Marietta, Georgia (whose 2-day cash winnings total $33,201)

[next game >>]

Jeopardy! Round responses

SCIENTISTS
MUSIC TO MY EARS
AN "F" IN HISTORY
LEFTOVERS
PRINCETON
IN OTHER WORDS...
    $200 1
Marie Curie

John
    $200 3
(John: What is Somewhere [*]?)

"Over The Rainbow"

John
    $200 11
France

John
    $200 21
brass

Saul
    $200 26
(Alex: A little bit of the irreverent humor of [*].)

Jerry Seinfeld

Triple Stumper
    $200 16
dog-eat-dog

Judy
    $400 2
Charles Darwin

Saul
    $400 7
"Hava Nagila"

John
    $400 12
Francis

John
    $400 22
Furbies

John
    $400 29
haircuts

John
    $400 17
(John: What is borrow from Peter to pay Paul?)

rob Peter to pay Paul

JohnJudy
    $1,000 4
(John: Who is... Einstein?)

Linus Pauling

John
    $600 8
"The Stripper"

John
    $600 13
Robert Fulton

John
    $600 23
H.G. Wells

Saul
    $600 30
the admission of women

Judy
    $600 18
sucker punch

Triple Stumper
    $800 5
Oppenheimer

Judy
    $800 9
"Get Happy"

John
    $800 14
Flagstaff

John
    $800 24
(Alex: Correct, with a minute.)

cows

Judy
    $800 28
The Lampoon

John
    $800 19
some like it hot

John
    $1000 6
Mendeleev

Saul
    $1000 10
"Dixie"

Saul
    $1000 15
(Saul: Who is Faisal?)

Farouk

Saul
Triple Stumper
    $1000 25
heliotrope

Triple Stumper
    $1000 27
Cleveland

Judy
    $1000 20
(Saul: We'll, [*].)
(Alex: Remember your phrasing. What is?)

we'll cross that bridge when we get to it

Saul

Scores at the first commercial break (after clue 15):

John Judy Saul
$3,200 $800 $1,400

Scores at the end of the Jeopardy! Round:

John Judy Saul
$5,200 $3,800 $3,200

Double Jeopardy! Round responses

NATIONAL MEMORIALS
HOLLYWOOD HODGEPODGE
LITERARY CROSSWORD CLUES "M"
HEY MIKEY!
FRENCH ART
PREFIX PLUS SUFFIX
    $400 21
Mexico

John
    $400 11
Spencer Tracy

John
    $400 6
Millay

John
    $400 16
Mike Todd

Saul
    $400 1
Impressionism

John
    $400 25
(Judy: What is archaeology?)

geology

Judy
Triple Stumper
    $800 22
(Judy: Who are Lewis & Clark?)

the Wright brothers

JohnJudy
    $800 12
(Saul: Who are Bob Hope & Bing Crosby?)

Abbott & Costello

Saul
Triple Stumper
    $800 7
Marple

Judy
    $800 17
Mikhail Gorbachev

John
    $800 2
"The Marseillaise"

Saul
    $800 26
monologue

Judy
    $1200 23
Thomas Jefferson

Triple Stumper
    $1200 13
Last Tango in Paris

Saul
    $1200 8
Modest

Judy
    $1200 18
Mike Fink

John
    $2,000 3
(Saul: What is Rome?)

Rome

Saul
    $1200 27
octagon

John
    $1600 24
Grant's Tomb

Judy
    $1600 14
Carole Lombard

Judy
    $1600 9
Mansfield

Judy
    $1600 19
Mike Holmgren

John
    $1600 4
(John: What is Paris?)

the Louvre

JohnJudy
    $2,000 29
[The end-of-round signal sounds.]

omnivore

John
    $2000 28
the Alfred P. Murrah Federal Building

Triple Stumper
    $2000 15
the House Un-American Activities Committee

Judy
    $2000 10
magic

Judy
    $2000 20
Mike Figgis

Triple Stumper
    $2000 5
(Saul: Who is Delacroix?)

Jacques-Louis David

Saul
Triple Stumper

Scores at the end of the Double Jeopardy! Round:

John Judy Saul
$12,800 $15,800 $800

[wagering suggestions for these scores]

Final Jeopardy! Round responses

THE WORLD'S PEOPLE
SaulWhat is Chineese?
$0
JohnWhat is Christian?
$3,001
JudyWhat is Christian?
$9,801
Catholic

Final scores:

John Judy Saul
$9,799 $5,999 $800
3-day champion: $43,000 2nd place: $2,000 3rd place: $1,000

Game dynamics:

Coryat scores:

John Judy Saul
$13,400 $15,800 $2,800
23 R
(including 1 DD),
3 W
(including 1 DD)
15 R,
2 W
9 R,
4 W
(including 1 DD)

Combined Coryat: $32,000

[game clues] [game scores] [suggest correction]

Game tape date: 2003-08-19
The J! Archive is created by fans, for fans. Scraping, republication, monetization, and malicious use prohibited; this site may use cookies and collect identifying information. See terms. The Jeopardy! game show and all elements thereof, including but not limited to copyright and trademark thereto, are the property of Jeopardy Productions, Inc. and are protected under law. This website is not affiliated with, sponsored by, or operated by Jeopardy Productions, Inc. Join the discussion at JBoard.tv.